书目信息 |
| 题名: |
π逆半群的子半群格
|
|
| 作者: | 田振际 著 | |
| 分册: | ||
| 出版信息: | 北京 科学出版社 2018重印 |
|
| 页数: | 156页 | |
| 开本: | 24cm | |
| 丛书名: | 华夏英才基金学术文库 | |
| 单 册: | ||
| 中图分类: | O152.7 , O153.1 | |
| 科图分类: | ||
| 主题词: | 逆半群--ni ban qun , 格--ge | |
| 电子资源: | ||
| ISBN: | 978-7-03-018485-6 | |
| 000 | 00845cam 2200289 45 | |
| 001 | 012001001541 | |
| 005 | 20140108134243.0 | |
| 010 | @a978-7-03-018485-6@dCNY69.00 | |
| 099 | @aCAL 012007026228 | |
| 100 | @a20070322d2007 em y0chiy50 ea | |
| 101 | 0 | @achi |
| 102 | @aCN@b110000 | |
| 105 | @aa a 000yy | |
| 106 | @ar | |
| 200 | 1 | @aπ逆半群的子半群格@Aπ ni ban qun de zi ban qun ge@f田振际著 |
| 210 | @a北京@c科学出版社@d2018重印 | |
| 215 | @a156页@c图@d24cm | |
| 225 | 2 | @a华夏英才基金学术文库@Ahua xia ying cai ji jin xue shu wen ku |
| 320 | @a有书目 (第154-156页) | |
| 410 | 0 | @12001@a华夏英才基金学术文库 |
| 606 | 0 | @a逆半群@Ani ban qun |
| 606 | 0 | @a格@Age |
| 690 | @aO152.7@v4 | |
| 690 | @aO153.1@v4 | |
| 701 | 0 | @a田振际@Atian zhen ji@4著 |
| 801 | 0 | @aCN@b北京卓展@c20191020 |
| 905 | @b1202102-5@dO152.7@e50@f4 | |
| π逆半群的子半群格/田振际著.-北京:科学出版社,2018重印 |
| 156页:图;24cm.-(华夏英才基金学术文库) |
| ISBN 978-7-03-018485-6:CNY69.00 |
| ● |
| 相关链接 |
|
|
|
|
正题名:π逆半群的子半群格
索取号:O152.7/50
 
预约/预借
| 序号 | 登录号 | 条形码 | 馆藏地/架位号 | 状态 | 备注 |
| 1 | 1202102 | 212021024 | 第二样本阅览室/ [索取号:O152.7/50] | 在馆 | |
| 2 | 1202103 | 212021033 | 第三借阅区/ [索取号:O152.7/50] | 在馆 | |
| 3 | 1202104 | 212021042 | 第三借阅区/ [索取号:O152.7/50] | 在馆 | |
| 4 | 1202105 | 212021051 | 第三借阅区/ [索取号:O152.7/50] | 在馆 |